000 00992nas a2200313 4500
001 BR2012005443
003 BR-BrBNA
005 20231205120858.0
007 ta
008 230509b bl.|||p| |||| 00| 00por d
040 _aBR-BrBNA
_bpor
_cBiblioteca Nacional de Agricultura
041 _a(Pt)
072 _aF61; F60
100 1 _aFerreira, V.M.
100 1 _aMagalhães, P.C.
100 1 _aDurães, F.O.M.
100 1 _aVasconcelos, C.A.
100 1 _aAraujo Neto, J.C. de
245 1 _aAcúmulo e distribuição de macronutrientes em dois híbridos duplos de milho, em função da disponibilidade de água no solo
650 _aMILHO
650 _aDEFICIÊNCIA HÍDRICA
650 _aNUTRIENTE MINERAL
650 _aSOLO
650 _aÁGUA
650 _aANÁLISE QUÍMICA
773 0 _tRevista Brasileira de Milho e Sorgo (Brazil)
_xISSN 1676-689X
_g(Jan-Apr 2008), v. 7(1) p. 1-17
_wBR2012005443
909 _a202311
_bLúcia
_c55
_dLúcia Elande
942 _2AGRIS
_n0
_cANA
999 _c220767
_d220767